[Event "Ruhrgebiet Verbandsliga Gruppe 1 1718"]
[Site "Germany"]
[Date "2017.09.17"]
[Round "1.8"]
[White "Zadow, Ralf"]
[Black "Reinhardt, Raphael Timon"]
[Result "1/2-1/2"]
[WhiteElo "1817"]
[BlackElo "1757"]
[PlyCount "47"]
[EventDate "2017.09.17"]
[EventType "team-tourn"]
[EventRounds "9"]
[EventCountry "GER"]
[SourceTitle "EXT 2022"]
[Source "ChessBase"]
[SourceDate "2021.10.06"]
[SourceVersion "1"]
[SourceVersionDate "2021.10.06"]
[SourceQuality "1"]
[WhiteTeam "Annen Sport Union"]
[BlackTeam "Muelheim Nord IV"]
[WhiteTeamCountry "GER"]
[BlackTeamCountry "GER"]

1. e4 c5 2. d4 cxd4 3. c3 d3 4. Bxd3 d6 5. Nf3 Nf6 6. h3 Nbd7 7. Qe2 b6 8. Bf4 Bb7 9. Nbd2 e6 10. Rd1 Be7 11. Nc4 d5 12. exd5 Nxd5 13. Nd6+ Bxd6 14. Bxd6 Rc8 15. Bb5 Nc7 16. Bxc7 Rxc7 17. Ne5 Bc8 18. Qd2 a6 19. Bxd7+ Bxd7 20. Qd6 Rb7 21. Nc6 Qf6 22. 0-0 Qg5 23. Rfe1 Qc5 24. Ne5 1/2-1/2

[Event "Ruhrgebiet Verbandsklasse Gruppe 1 1617"]
[Site "Germany"]
[Date "2016.11.27"]
[Round "4.8"]
[White "Reinhardt, Raphael Timon"]
[Black "Goedeke, Ralf"]
[Result "1/2-1/2"]
[WhiteElo "1821"]
[BlackElo "1750"]
[PlyCount "86"]
[EventDate "2016.09.04"]
[EventType "team-tourn"]
[EventRounds "9"]
[EventCountry "GER"]
[SourceTitle "EXT 2022"]
[Source "ChessBase"]
[SourceDate "2021.10.06"]
[SourceVersion "1"]
[SourceVersionDate "2021.10.06"]
[SourceQuality "1"]
[WhiteTeam "Muelheim Nord IV"]
[BlackTeam "Guennigfeld SV"]
[WhiteTeamCountry "GER"]
[BlackTeamCountry "GER"]

1. d4 e6 2. Nf3 Nf6 3. c4 b6 4. Bg5 Be7 5. Nc3 Bb7 6. g3 0-0 7. Bg2 d6 8. 0-0 Nbd7 9. Re1 h6 10. Bxf6 Bxf6 11. e4 e5 12. d5 a6 13. Qd2 Be7 14. Bh3 Bc8 15. Nd1 Kh7 16. Ne3 Bg5 17. Nxg5+ Qxg5 18. Qe2 g6 19. Qf3 Kg7 20. Rad1 Qf6 21. Qe2 Qe7 22. Nc2 Bb7 23. Qd2 Nf6 24. Re3 Nh7 25. a4 Ng5 26. Bg4 a5 27. Na3 h5 28. Be2 Ba6 29. Nb5 Bc8 30. h4 Nh7 31. Bf1 Nf6 32. Rde1 Ne8 33. Kh2 f6 34. Bg2 Bg4 35. f3 Bd7 36. Rd3 Qd8 37. b3 Rf7 38. b4 f5 39. exf5 Bxf5 40. Rde3 Nf6 41. Qb2 Kh7 42. Nc3 Qd7 43. Bf1 Kg8 1/2-1/2

[Event "Ruhrgebiet VK3 0910"]
[Site "Ruhrgebiet"]
[Date "2010.03.21"]
[Round "8.6"]
[White "Lautenschuetz, Ludger"]
[Black "Reinhardt, Raphael Timon"]
[Result "1/2-1/2"]
[WhiteElo "2099"]
[BlackElo "1794"]
[PlyCount "40"]
[EventDate "2009.09.06"]
[EventType "team"]
[EventRounds "9"]
[EventCountry "GER"]
[SourceTitle "EXT 2011"]
[Source "ChessBase"]
[SourceDate "2010.11.26"]
[SourceVersion "1"]
[SourceVersionDate "2010.11.26"]
[SourceQuality "1"]
[WhiteTeam "Haltern"]
[BlackTeam "Rochade Eving"]
[WhiteTeamCountry "GER"]
[BlackTeamCountry "GER"]

1. d4 Nf6 2. c4 e6 3. Nf3 b6 4. a3 Bb7 5. Nc3 Be7 6. e3 0-0 7. Be2 d5 8. cxd5 Nxd5 9. 0-0 c5 10. Bd2 Nc6 11. dxc5 Bxc5 12. b4 Be7 13. Qb3 Bf6 14. Rac1 Ne5 15. Ne4 Nxf3+ 16. Bxf3 Be5 17. Rfd1 Qb8 18. h3 Nf6 19. Nxf6+ Bxf6 20. Bxb7 Qxb7 1/2-1/2

[Event "Dortmund op"]
[Site "Dortmund"]
[Date "2009.07.11"]
[Round "8"]
[White "Simon, Thomas"]
[Black "Reinhardt, Raphael Timon"]
[Result "0-1"]
[WhiteElo "1997"]
[BlackElo "1706"]
[PlyCount "76"]
[EventDate "2009.07.04"]
[EventType "swiss"]
[EventRounds "9"]
[EventCountry "GER"]
[SourceTitle "CBM 131 Extra"]
[Source "ChessBase"]
[SourceDate "2009.09.03"]
[SourceVersion "2"]
[SourceVersionDate "2009.09.16"]
[SourceQuality "1"]

1. Nf3 Nf6 2. g3 b5 3. Bg2 Bb7 4. d3 e6 5. 0-0 c5 6. c4 a6 7. Na3 Qb6 8. Bg5 Be7 9. d4 cxd4 10. Qxd4 Qxd4 11. Nxd4 Bxg2 12. Kxg2 Bxa3 13. bxa3 bxc4 14. Rfc1 d5 15. Bxf6 gxf6 16. e4 0-0 17. exd5 exd5 18. Nf5 Nc6 19. Rd1 Rfd8 20. Rab1 Kf8 21. Ne3 Ne7 22. Rd4 Rac8 23. Kf1 Rc5 24. Rc1 Nc6 25. Rh4 c3 26. Rxh7 d4 27. Rh8+ Ke7 28. Rxd8 Kxd8 29. Nd1 Ne5 30. h4 c2 31. Ke2 cxd1Q+ 32. Rxd1 Rc2+ 33. Kf1 Nc6 34. h5 Ke8 35. Kg2 Kf8 36. Kf3 Kg7 37. Ke4 Rxf2 38. Rh1 f5+ 0-1

[Event "Dortmund op"]
[Site "Dortmund"]
[Date "2009.07.10"]
[Round "7"]
[White "Schmitz, Martin"]
[Black "Reinhardt, Raphael Timon"]
[Result "1-0"]
[WhiteElo "2060"]
[BlackElo "1706"]
[PlyCount "45"]
[EventDate "2009.07.04"]
[EventType "swiss"]
[EventRounds "9"]
[EventCountry "GER"]
[SourceTitle "CBM 131 Extra"]
[Source "ChessBase"]
[SourceDate "2009.09.03"]
[SourceVersion "2"]
[SourceVersionDate "2009.09.16"]
[SourceQuality "1"]

1. e4 c5 2. Nf3 e6 3. c4 Nc6 4. d4 cxd4 5. Nxd4 a6 6. Nc3 Nf6 7. Bg5 Bb4 8. Nxc6 bxc6 9. Qd4 h6 10. Bxf6 Qxf6 11. e5 Qg6 12. 0-0-0 0-0 13. Rd3 Qg5+ 14. f4 Qe7 15. Ne4 f6 16. exf6 gxf6 17. Rg3+ Kh7 18. Bd3 f5 19. c5 Ba5 20. Qe5 Bb7 21. Rh3 Rac8 22. Ng5+ Kg6 23. Be2 1-0

[Event "Dortmund op"]
[Site "Dortmund"]
[Date "2009.07.09"]
[Round "6"]
[White "Reinhardt, Raphael Timon"]
[Black "Rueberg, Jobst"]
[Result "0-1"]
[WhiteElo "1706"]
[BlackElo "2171"]
[PlyCount "74"]
[EventDate "2009.07.04"]
[EventType "swiss"]
[EventRounds "9"]
[EventCountry "GER"]
[SourceTitle "CBM 131 Extra"]
[Source "ChessBase"]
[SourceDate "2009.09.03"]
[SourceVersion "2"]
[SourceVersionDate "2009.09.16"]
[SourceQuality "1"]

1. d4 Nf6 2. Nf3 e6 3. c4 b6 4. Bg5 Bb7 5. e3 h6 6. Bh4 Bb4+ 7. Nbd2 g5 8. Bg3 g4 9. Ne5 Ne4 10. Qxg4 Bxd2+ 11. Kd1 Qg5 12. Bd3 Qxg4+ 13. Nxg4 Nxg3 14. hxg3 Bb4 15. Rc1 Bxg2 16. Rxh6 Rxh6 17. Nxh6 Bf8 18. Ng4 Bf3+ 19. Be2 Bxe2+ 20. Kxe2 f5 21. Ne5 Nc6 22. Nxc6 dxc6 23. e4 0-0-0 24. Rd1 fxe4 25. Ke3 e5 26. Kxe4 Rxd4+ 27. Rxd4 exd4 28. Kxd4 Bc5+ 29. Ke5 Bxf2 30. g4 Be3 31. Kf5 Kd7 32. g5 Ke7 33. g6 a5 34. b3 Bd4 35. Ke4 Bb2 36. Kf5 Bg7 37. a4 Kd6 0-1

[Event "Dortmund op"]
[Site "Dortmund"]
[Date "2009.07.07"]
[Round "4"]
[White "Reinhardt, Raphael Timon"]
[Black "Kinberg, Ofer"]
[Result "0-1"]
[WhiteElo "1706"]
[BlackElo "2091"]
[PlyCount "100"]
[EventDate "2009.07.04"]
[EventType "swiss"]
[EventRounds "9"]
[EventCountry "GER"]
[SourceTitle "CBM 131 Extra"]
[Source "ChessBase"]
[SourceDate "2009.09.03"]
[SourceVersion "2"]
[SourceVersionDate "2009.09.16"]
[SourceQuality "1"]

1. d4 Nf6 2. Nf3 e6 3. c4 Bb4+ 4. Bd2 Qe7 5. a3 Bxd2+ 6. Nbxd2 d6 7. e3 0-0 8. Bd3 e5 9. dxe5 dxe5 10. Ne4 Nxe4 11. Bxe4 a5 12. 0-0 a4 13. h4 Nd7 14. Bc2 Nc5 15. Qd5 Re8 16. Rfd1 Bg4 17. Qd2 e4 18. Qe2 exf3 19. gxf3 Be6 20. Kg2 Qxh4 21. Rh1 Qg5+ 22. Kh2 Bf5 23. Rag1 Qh5+ 24. Kg2 Qg6+ 25. Kh2 Qd6+ 26. Rg3 Bxc2 27. Qxc2 Qd3 28. Qc1 Rad8 29. Qg1 Ne6 30. Kg2 Qc2 31. Rh4 Rd2 32. Rhg4 Red8 33. Kh3 g6 34. Rg2 Qd1 35. Qxd1 Rxd1 36. Kh2 Rb1 37. f4 f5 38. Rh4 Rdd1 39. f3 Rh1+ 40. Kg3 Rxh4 41. Kxh4 Rd1 42. Kg3 Nc5 43. Re2 Nb3 44. e4 fxe4 45. fxe4 Rd3+ 46. Kg4 h5+ 47. Kh4 Nd4 48. Rf2 Nf3+ 49. Kg3 Ng5+ 50. Kh4 Nxe4 0-1

[Event "Dortmund Sparkassen op-B"]
[Site "Dortmund"]
[Date "2008.07.06"]
[Round "9"]
[White "Reinhardt, Raphael Timon"]
[Black "Monastyrjow, Witali"]
[Result "0-1"]
[WhiteElo "1606"]
[BlackElo "1502"]
[PlyCount "56"]
[EventDate "2008.06.30"]
[EventType "swiss"]
[EventRounds "9"]
[EventCountry "GER"]
[SourceTitle "EXT 2022"]
[Source "ChessBase"]
[SourceDate "2021.10.06"]
[SourceVersion "1"]
[SourceVersionDate "2021.10.06"]
[SourceQuality "1"]

1. d4 Nf6 2. c4 e5 3. dxe5 Ng4 4. Nf3 Nc6 5. Bf4 Bb4+ 6. Nbd2 Qe7 7. e3 Ngxe5 8. Nxe5 Nxe5 9. a3 Bxd2+ 10. Qxd2 d6 11. Be2 Bd7 12. Qd4 c5 13. Qd2 Bc6 14. 0-0 g5 15. Bg3 h5 16. h3 g4 17. h4 0-0-0 18. Qc3 Ng6 19. Rfd1 Nxh4 20. Bxd6 Qe4 21. Bf1 Nxg2 22. Qa5 Rxd6 23. Rxd6 Nh4 24. Rxc6+ Qxc6 25. Qxa7 Nf3+ 26. Kh1 Qd6 27. Qa8+ Kc7 28. Qa5+ Kb8 0-1

[Event "Dortmund Sparkassen op-B"]
[Site "Dortmund"]
[Date "2008.07.05"]
[Round "8"]
[White "Wiesemann, Peter"]
[Black "Reinhardt, Raphael Timon"]
[Result "1-0"]
[WhiteElo "1758"]
[BlackElo "1606"]
[PlyCount "29"]
[EventDate "2008.06.30"]
[EventType "swiss"]
[EventRounds "9"]
[EventCountry "GER"]
[SourceTitle "EXT 2022"]
[Source "ChessBase"]
[SourceDate "2021.10.06"]
[SourceVersion "1"]
[SourceVersionDate "2021.10.06"]
[SourceQuality "1"]

1. d4 Nf6 2. Nf3 e6 3. Nbd2 b6 4. e4 Bb7 5. Bd3 c5 6. e5 Nd5 7. c3 Nf4 8. Be4 Nxg2+ 9. Kf1 Bxe4 10. Nxe4 Nh4 11. Bg5 Be7 12. Nd6+ Kf8 13. Bxh4 Bxh4 14. Nxh4 Qxh4 15. Qf3 1-0

[Event "Dortmund op-B"]
[Site "Dortmund"]
[Date "2007.07.01"]
[Round "9"]
[White "Reinhardt, Raphael Timon"]
[Black "Quass, Michael"]
[Result "0-1"]
[WhiteElo "1563"]
[BlackElo "1667"]
[PlyCount "64"]
[EventDate "2007.06.22"]
[EventType "swiss"]
[EventRounds "9"]
[EventCountry "GER"]
[SourceTitle "EXT 2008"]
[Source "ChessBase"]
[SourceDate "2007.11.25"]
[SourceVersion "1"]
[SourceVersionDate "2007.11.25"]
[SourceQuality "1"]

1. d4 Nf6 2. c4 e6 3. Nf3 Bb4+ 4. Bd2 a5 5. g3 b6 6. Bg2 Bb7 7. 0-0 0-0 8. Nc3 d6 9. Qc2 Nbd7 10. Rfe1 Bxc3 11. Bxc3 Ne4 12. Nh4 f5 13. b3 Ndf6 14. Bb2 Ng4 15. f3 Ne3 16. Qd3 Nxg2 17. Nxg2 Nf6 18. Nf4 Bc8 19. Rad1 Qe8 20. h4 Nh5 21. Nxh5 Qxh5 22. Kg2 Bb7 23. d5 e5 24. f4 Rae8 25. fxe5 dxe5 26. Kh3 Rf6 27. Qf3 Qh6 28. Bc1 f4 29. g4 Bc8 30. Rh1 Qg6 31. h5 Qxh5+ 32. Kg2 Qxg4+ 0-1

[Event "NRW-ch U14"]
[Site "Kranenburg"]
[Date "2007.04.10"]
[Round "3"]
[White "Reinhardt, Raphael Timon"]
[Black "Kotainy, Jens"]
[Result "0-1"]
[WhiteElo "1340"]
[BlackElo "1905"]
[PlyCount "74"]
[EventDate "2007.04.09"]
[EventType "swiss"]
[EventRounds "7"]
[EventCountry "GER"]
[SourceTitle "EXT 2008"]
[Source "ChessBase"]
[SourceDate "2007.11.25"]
[SourceVersion "1"]
[SourceVersionDate "2007.11.25"]
[SourceQuality "1"]

1. d4 c5 2. d5 d6 3. c4 e5 4. e4 f5 5. Nc3 Nf6 6. Bd3 f4 7. Bd2 Be7 8. h3 0-0 9. Nf3 Na6 10. a3 Bd7 11. 0-0 Qe8 12. Rb1 Qh5 13. Be2 Qh6 14. Nh2 Qg6 15. Kh1 Nxe4 16. Nxe4 Qxe4 17. Nf3 Qf5 18. b4 e4 19. Nh2 f3 20. gxf3 exf3 21. Bxf3 Qxh3 22. Rg1 Rf7 23. Rg3 Qh4 24. Qg1 Raf8 25. Qg2 Bf6 26. Be4 Be5 27. f4 Bxf4 28. Bxf4 Qxf4 29. Rg1 Qe5 30. Rg5 Qe7 31. Bxh7+ Kxh7 32. Rh5+ Kg8 33. Qg6 Bf5 34. Qh6 Qe4+ 35. Nf3 Qxf3+ 36. Kh2 Qf2+ 37. Rg2 Qxg2+ 0-1

[Event "Dortmund op-B"]
[Site "Dortmund"]
[Date "2005.07.16"]
[Round "8"]
[White "Bauer, Matthias"]
[Black "Reinhardt, Raphael Timon"]
[Result "0-1"]
[WhiteElo "1581"]
[BlackElo "1343"]
[PlyCount "44"]
[EventDate "2005.07.08"]
[EventType "swiss"]
[EventRounds "9"]
[EventCountry "GER"]
[SourceTitle "CBM 107 Extra"]
[Source "ChessBase"]
[SourceDate "2005.09.01"]
[SourceVersion "1"]
[SourceVersionDate "2005.09.01"]
[SourceQuality "1"]

1. Nf3 Nf6 2. d4 e6 3. e3 b6 4. Nbd2 Bb7 5. c4 Be7 6. Bd3 c5 7. 0-0 cxd4 8. exd4 d5 9. cxd5 Nxd5 10. Bb5+ Nc6 11. Ne5 Rc8 12. Qa4 Ndb4 13. Ndf3 Qc7 14. Bf4 Bd6 15. Rac1 a6 16. Bxc6+ Nxc6 17. Nxc6 Bxc6 18. Rxc6 Qxc6 19. Rc1 Qxa4 20. Rxc8+ Kd7 21. b3 Qxa2 22. Rc1 Bxf4 0-1

[Event "Dortmund op-B"]
[Site "Dortmund"]
[Date "2005.07.15"]
[Round "7"]
[White "Reinhardt, Raphael Timon"]
[Black "Maszewski, Mario"]
[Result "1/2-1/2"]
[WhiteElo "1343"]
[BlackElo "1657"]
[PlyCount "50"]
[EventDate "2005.07.08"]
[EventType "swiss"]
[EventRounds "9"]
[EventCountry "GER"]
[SourceTitle "CBM 107 Extra"]
[Source "ChessBase"]
[SourceDate "2005.09.01"]
[SourceVersion "1"]
[SourceVersionDate "2005.09.01"]
[SourceQuality "1"]

1. d4 Nf6 2. Nf3 d5 3. c4 e6 4. Bg5 Be7 5. Nc3 c6 6. e3 Nbd7 7. Bd3 0-0 8. 0-0 Re8 9. Re1 h6 10. Bxf6 Bxf6 11. e4 dxc4 12. Bxc4 e5 13. d5 Nb6 14. Bb3 cxd5 15. Nxd5 Be6 16. Nxf6+ Qxf6 17. Bxe6 Rxe6 18. Qe2 Rc8 19. Rac1 Rxc1 20. Rxc1 Qf4 21. Rd1 Re8 22. h3 a6 23. Ne1 Qf6 24. Nc2 Qe7 25. Ne3 Rd8 1/2-1/2

[Event "Dortmund op-B"]
[Site "Dortmund"]
[Date "2005.07.14"]
[Round "6"]
[White "Wiesemann, Peter"]
[Black "Reinhardt, Raphael Timon"]
[Result "1/2-1/2"]
[WhiteElo "1788"]
[BlackElo "1343"]
[PlyCount "60"]
[EventDate "2005.07.08"]
[EventType "swiss"]
[EventRounds "9"]
[EventCountry "GER"]
[SourceTitle "CBM 107 Extra"]
[Source "ChessBase"]
[SourceDate "2005.09.01"]
[SourceVersion "1"]
[SourceVersionDate "2005.09.01"]
[SourceQuality "1"]

1. d4 Nf6 2. c4 e6 3. Nc3 Bb4 4. Bd2 0-0 5. Nf3 b6 6. e3 Bb7 7. Be2 c5 8. a3 cxd4 9. exd4 Bxc3 10. Bxc3 d5 11. 0-0 Nbd7 12. Rc1 dxc4 13. Bxc4 Nd5 14. Qe2 Nxc3 15. Rxc3 Nf6 16. Ng5 Bd5 17. Ba6 h6 18. Nh3 Rb8 19. Qe5 Bb7 20. Bxb7 Rxb7 21. Nf4 Qd7 22. Rg3 Qe7 23. Rxg7+ Kxg7 24. Nh5+ Kg6 25. Nxf6 Qxf6 26. Qe4+ Kg7 27. Qxb7 Qxd4 28. b4 a5 29. bxa5 bxa5 30. g3 Rd8 1/2-1/2

[Event "NRW-ch U12"]
[Site "Kranenburg"]
[Date "2005.04.02"]
[Round "7"]
[White "Reinhardt, Raphael Timon"]
[Black "Butschek, Marc"]
[Result "1-0"]
[WhiteElo "1266"]
[BlackElo "1471"]
[PlyCount "178"]
[EventDate "2005.03.28"]
[EventType "swiss"]
[EventRounds "7"]
[EventCountry "GER"]
[SourceTitle "CBM 105 Extra"]
[Source "ChessBase"]
[SourceDate "2005.05.01"]
[SourceVersion "1"]
[SourceVersionDate "2005.05.01"]
[SourceQuality "1"]

1. d4 d5 2. c4 dxc4 3. e3 Nc6 4. Bxc4 e6 5. Nf3 Bb4+ 6. Bd2 Bxd2+ 7. Nbxd2 Nf6 8. 0-0 0-0 9. Bd3 Re8 10. Ne4 Nxe4 11. Bxe4 Bd7 12. Qc2 f5 13. Bd3 Nb4 14. Qb3 Nxd3 15. Qxd3 Bc6 16. Ne5 Qd5 17. Nxc6 Qxc6 18. Rac1 Qb6 19. Qe2 c6 20. Rc2 Rad8 21. Rfc1 Rd5 22. Rc5 Red8 23. b3 Qc7 24. Qc4 Qe7 25. Rxd5 exd5 26. Qc5 Qxc5 27. Rxc5 Kf7 28. g3 Ke6 29. Kg2 Kd6 30. b4 b5 31. a4 Rb8 32. a5 Re8 33. Rc3 g5 34. h3 f4 35. g4 fxe3 36. Rxe3 Rf8 37. Kg3 Rf4 38. Rd3 Re4 39. Kf3 Re1 40. Rb3 Rd1 41. Ke3 Kd7 42. f4 gxf4+ 43. Kxf4 Rxd4+ 44. Kg5 Re4 45. Rf3 Re7 46. Kf6 Kd6 47. Kg5 Kc7 48. Kf6 Rd7 49. Ke5 a6 50. Kd4 Re7 51. Kc5 Kb7 52. Kd6 Rc7 53. Rc3 Rc8 54. Kc5 Kc7 55. Rf3 h6 56. Rf6 Kd7 57. Rxh6 Ke7 58. g5 Kf7 59. h4 Kg7 60. h5 Rd8 61. Re6 d4 62. Re7+ Kf8 63. Re2 Rd5+ 64. Kxc6 Rxg5 65. Rd2 Rxh5 66. Rxd4 Rh6+ 67. Rd6 Rh4 68. Kc5 Ke7 69. Rxa6 Rh5+ 70. Kc6 Kd8 71. Rb6 Kc8 72. Rxb5 Rh6+ 73. Kc5 Kc7 74. Kc4 Rh4+ 75. Kb3 Kc6 76. Rc5+ Kb7 77. b5 Ka7 78. Rc7+ Kb8 79. b6 Re4 80. Rc4 Re5 81. Ka4 Kb7 82. Rc7+ Kb8 83. a6 Re4+ 84. Kb5 Re5+ 85. Rc5 Re6 86. Rd5 Re8 87. a7+ Kb7 88. Rd7+ Ka8 89. Ka6 Rb8 1-0

[Event "NRW-ch U12"]
[Site "Kranenburg"]
[Date "2005.04.01"]
[Round "6"]
[White "Karsunke, Marvin"]
[Black "Reinhardt, Raphael Timon"]
[Result "1/2-1/2"]
[WhiteElo "1461"]
[BlackElo "1266"]
[PlyCount "96"]
[EventDate "2005.03.28"]
[EventType "swiss"]
[EventRounds "7"]
[EventCountry "GER"]
[SourceTitle "CBM 105 Extra"]
[Source "ChessBase"]
[SourceDate "2005.05.01"]
[SourceVersion "1"]
[SourceVersionDate "2005.05.01"]
[SourceQuality "1"]

1. e4 c5 2. Nf3 d6 3. d4 cxd4 4. Nxd4 Nf6 5. Nc3 g6 6. Bc4 Bg7 7. 0-0 0-0 8. Be3 Nc6 9. Nf3 Be6 10. Bxe6 fxe6 11. Qd2 Ng4 12. Rad1 Nxe3 13. Qxe3 Rc8 14. a3 b6 15. b3 a6 16. Ne2 Ne5 17. Nxe5 Bxe5 18. Rd2 Bg7 19. Rfd1 Qc7 20. Nd4 Bxd4 21. Qxd4 Qc5 22. Qxc5 Rxc5 23. c4 Rfc8 24. Rc2 b5 25. Rdc1 d5 26. f3 dxc4 27. bxc4 Kf7 28. Kf2 bxc4 29. Ke3 Kf6 30. Rb1 Rd8 31. Rd2 Rxd2 32. Kxd2 Rb5 33. Rb4 Ra5 34. a4 Rc5 35. Kc3 Ke5 36. Rxc4 Rxc4+ 37. Kxc4 Kd6 38. Kd4 e5+ 39. Kc4 Kc6 40. a5 g5 41. h3 h6 42. g3 h5 43. h4 gxh4 44. gxh4 e6 45. Kb4 Kd6 46. Kc4 Kc6 47. Kb4 Kd6 48. Kc4 Kc6 1/2-1/2